| 000 | 00655cab a2200217 4500 | ||
|---|---|---|---|
| 001 | WB3414-31 | ||
| 008 | 090401t1998 xxu||||| |||| 00| 0 eng d | ||
| 035 | _a(Sirsi) u85477 | ||
| 041 | _aeng | ||
| 245 | _aEnvironmental protection plan | ||
| 260 | _c1998 | ||
| 350 | _a0 | ||
| 490 |
_aFarmers Guardian _v3 April 1998, 8(1) |
||
| 520 | _aEnvironmental assessments are likely to become necessary for farmers wishing to bring uncultivated land into agricultural production. | ||
| 650 |
_aEnvironment _96238 |
||
| 650 | _aENVIRONMENTAL ASSESSMENTS | ||
| 650 | _aUNCULTIVATED LAND | ||
| 690 | _aRURAL PRACTICE | ||
| 942 | _n0 | ||
| 948 | _c07/04/1998 | ||
| 999 |
_c53745 _d53745 |
||